00776nam a2200193Ia 4500008004000000020001800040082001600058100003300074245004100107250000500148260003500153300001300188650001000201690002200211906001100233999001900244952016100263952015800424210210b2004 xxu||||| |||| 00| 0 eng d a81 297 0390 4 a574.88 WATM aWATSON (James D) and others. aMolecular biology of the gene. Ed 5. a aDelhibPearson Educationc2004 axxvi,732 aGene  aMolecular Biology a058887 c106016d106016 001040708BiologyaALbALcBiologyd2021-02-17eHigginbothams (P) Ltd., Mangalore 01.g895.00l0o574.88 WATMp059679r2021-02-17 00:00:00w2021-02-17yBK 00102ddc40708BTaALbALd2021-02-17eIntel Book Distributors Pvt Ltd, Bangalore.g895.00l0o574.88 WATMp058887r2021-02-17 00:00:00w2021-02-17yBK